| 000 -CABECERA |
| fixed length control field |
00890nam a22002417a 4500 |
| 003 - IDENTIFICADOR DEL NÚMERO DE CONTROL |
| control field |
AR-CdUCM |
| 008 - DATOS DE LONGITUD FIJA--INFORMACIÓN GENERAL |
| fixed length control field |
190322b ||||| |||| 00| 0 spa d |
| 040 ## - FUENTE DE LA CATALOGACIÓN |
| Agencia/entidad que catalogó originalmente la obra |
MUNICIPALIDAD PROVINCIAL DEL CUSCO |
| Entidad que transcribió la catalogación |
BIBLIOTECA MUNICIPAL DEL CUSCO |
| 082 ## - NÚMERO DE LA CLASIFICACIÓN DECIMAL DEWEY |
| No. de Clasificación |
545.076 / |
| Notacion interna |
A68 |
| 100 ## - ENTRADA PRINCIPAL--NOMBRE DE PERSONA |
| Nombre Personal |
Arenson, Saul B. |
| 245 ## - MENCIÓN DE TÍTULO |
| Título |
Problemas de química / |
| 260 ## - PUBLICACIÓN, DISTRIBUCIÓN, ETC. |
| Lugar de publicación, distribución, etc. |
Mexíco, D. F. : |
| Nombre de la editorial, distribuidor, etc. |
Hispano-Americana, |
| Fecha de publicación, distribución, etc. |
1968. |
| 300 ## - DESCRIPCIÓN FÍSICA |
| Nº de Páginas Extensión |
203 paginas ; |
| Dimensiones |
17.5 cm. |
| 505 ## - NOTA DE CONTENIDO CON FORMATO |
| Nota de contenido formateada |
Contenido : Unidades y factores de conversión -- Pesos atómicos y moleculares -- Leyes relativas a los gases -- Relación entre peso y volumen... |
| 650 ## - PUNTO DE ACCESO ADICIONAL DE MATERIA--TÉRMINO DE MATERIA |
| Descriptor |
Química - problemas |
| 9 (RLIN) |
43709 |
| 650 ## - PUNTO DE ACCESO ADICIONAL DE MATERIA--TÉRMINO DE MATERIA |
| Descriptor |
Problemas, ejercicios |
| 9 (RLIN) |
19962 |
| 650 ## - PUNTO DE ACCESO ADICIONAL DE MATERIA--TÉRMINO DE MATERIA |
| Descriptor |
Química |
| 9 (RLIN) |
4512 |
| 700 ## - PUNTO DE ACCESO ADICIONAL--NOMBRE DE PERSONA |
| Nombre Personal |
Diaz Flores, Pablo (traductor) |
| 9 (RLIN) |
43710 |
| 942 ## - ELEMENTOS DE PUNTO DE ACCESO ADICIONAL (KOHA) |
| Fuente de clasificación |
|
| Tipo de item |
Libros-BMC |
| 945 ## - PROCESAMIENTO DE INFORMACIÓN LOCAL (OCLC) |
| Catalogador |
Andy |